00725nam a2200193 a 450000100100000000500170001000800410002702000150006804000250008308200150010824500930012326000310021630000170024750400730026470000280033770000360036595201130040199900170051400003657020200930075814.0120120s1995 sp 000 0 spa d a9580428395 aDO-SdBNPbspacBNPHU axxxxbxxxx03aLa esencia del marketing /cselección Robert J. Dolan; traducción Adriana de Hassan. aBarcelona :bNorma,c1995. av. ;c23 cm. aIncluye referencias bibliográficas y notas al pie de las páginas1 aJ. Dolan, Robert9628381 aHassan, Adriana de,etr.951141 001050718MOaGRbGRcHDd2012-01-20iLF1l0oxxxx xxxxp36570-10r2020-06-25w2020-06-25y1ZNo se presta c36061d36061